| 000 | 01143cam a22001934a 4500 | ||
|---|---|---|---|
| 005 | 20250605164359.0 | ||
| 008 | 250528s ||||||||||||||||||||||||d | ||
| 035 | _a24476 | ||
| 040 |
_aGR-AtMCL _bgre _dGR-AtMCL _eAACR2 |
||
| 245 | 1 | _aΤο Ιστορικό Ενός Φόρου που Απασχολεί την Αγορά από το 1983 / Φορος Τηλεοπτικών Διαφημίσεων | |
| 260 | _c2015 | ||
| 300 | _a32 | ||
| 520 | _aΗ Εταιρική Επικοινωνία Συναντά τα Actionable Insights, Το Digital Marketing Σταθερά στο Επίκεντρο, Ερμητικά Κλειστή η 'Στρόγιγγα' της Διαφημιστικής Δαπάνης, Στο Ανθρώπινο Δυναμικό Στρέφουν την ΕΚΕ τους οι Επιχειρήσεις, 'Πράσινες' και Οικολογικές Προμήθειες στις B2B Αγορές, Λιτότητα στο Digital Budget: Όχι Τόσο Γρήγορα. | ||
| 700 | 1 |
_aΚορδελάς Δημήτρης _99464 |
|
| 942 | _cCR | ||
| 710 | 2 |
_aThe Marketing Week _99825 |
|
| 999 |
_c9355 _d9355 |
||